000 00759nam a2200277Ia 4500
003 OSt
005 20221006144824.0
006 a|||||r|||| 00| 0
007 ta
008 221006b |||||||| |||| 00| 0 eng d
020 _c150.00
024 _a12,838
037 _cTextual
040 _aEASL
_cEASL
_beng
041 _2eng
_aeng
082 _aV41:1946.N79, M2
100 _aABIDI A. H. H.
_9110040
245 0 _aChina, Iran and the Persian gulf
260 _aNew Delhi
_bRadiant Pub. India
_c1982
300 _a326p.
_ccm.
490 _v CEL
650 _a CEL
650 _aChina - Foreign relations -Arabian Peninsula
_9652971
942 _hV41:1946.N79, M2
_cTEXL
_2CC
999 _c1080924
_d1080924